| 000 | 004790000a22001690004500 | ||
|---|---|---|---|
| 003 | LK-CoMWRAF | ||
| 008 | 230817t ||||| |||| 00| 0 eng d | ||
| 040 |
_aLK-CoMWRAF _dLK-CoMWRAF _eLK-CoMWRAF |
||
| 041 | _aeng | ||
| 082 |
_a300 _bWOM |
||
| 245 |
_aWomen's studies the Asia-Pacific perspective (Special issue) _bAlam-e-Niswan |
||
| 260 |
_aKarachi _beditor _c1995 |
||
| 300 | _ap.131 | ||
| 490 | _aPakistan jouranl of women's studies Vol 2,No.2 | ||
| 650 | _aWomen | ||
| 942 | _cBK | ||
| 999 |
_c181 _d181 |
||